| 000 | 00461nam a2200145 4500 | ||
|---|---|---|---|
| 082 | _aMSCS-4 TAR | ||
| 100 | _aNirmal Tariq | ||
| 245 | _aFish species identification in unconstrained underwater environment | ||
| 260 |
_aIslamabad _bNUST SEECS _c2016 |
||
| 300 |
_a50p. _eCD Includes |
||
| 856 | _uhttp://10.250.8.41:8080/xmlui/handle/123456789/8278 | ||
| 942 |
_2ddc _cTHE |
||
| 999 |
_c328703 _d328703 |
||